Maximum hour legislation in France, 1936-1940. (Record no. 36357)

MARC details
000 -LEADER
fixed length control field 00785cam a22002411 4500
001 - CONTROL NUMBER
control field l 41000032
003 - CONTROL NUMBER IDENTIFIER
control field DLC
005 - DATE AND TIME OF LATEST TRANSACTION
control field 20260227111537.0
008 - FIXED-LENGTH DATA ELEMENTS--GENERAL INFORMATION
fixed length control field 780103s1941 dcu f000 0 eng c
010 ## - LIBRARY OF CONGRESS CONTROL NUMBER
LC control number l 41000032
040 ## - CATALOGING SOURCE
Original cataloging agency U.S. Dept. of labor Libr.
Transcribing agency NIC
Modifying agency DLC
043 ## - GEOGRAPHIC AREA CODE
Geographic area code e-fr---
050 00 - LIBRARY OF CONGRESS CALL NUMBER
Classification number HD5118.F8
Item number U65
082 00 - DEWEY DECIMAL CLASSIFICATION NUMBER
Classification number 331.81944
110 1# - MAIN ENTRY--CORPORATE NAME
Corporate name or jurisdiction name as entry element United States.
Subordinate unit Department of Labor.
-- Wage and Hour Division.
245 10 - TITLE STATEMENT
Title Maximum hour legislation in France, 1936-1940.
260 ## - PUBLICATION, DISTRIBUTION, ETC.
Place of publication, distribution, etc. [Washington, D.C.,
Date of publication, distribution, etc. 1941]
300 ## - PHYSICAL DESCRIPTION
Extent 1 p.l., 70 p.
Dimensions 27 cm.
500 ## - GENERAL NOTE
General note Cover title.
500 ## - GENERAL NOTE
General note At head of title: United States Department of Labor. Wage and Hour Division. Research and Statistics Branch.
500 ## - GENERAL NOTE
General note Mimeographed.
650 #0 - SUBJECT ADDED ENTRY--TOPICAL TERM
Topical term or geographic name entry element Hours of labor
Geographic subdivision France.

No items available.

Powered by Koha